000 01357nam a2200349 a 4500
001 000108947
003 CHAP
005 20220329144031.0
008 140324s2013 mx sm |||||||spa d
010 _a105409
011 _a106381
040 _cCHAP
090 _aTesis
100 1 _aMiranda Chacón, Carlos Orshué
_9126035
245 1 0 _aAnálisis y propuestas al paquete tecnológico vainilla del INIFAP para la región centro de Vercruz
_h[En línea]
_cpor Carlos Orshué Miranda Chacón y Eduardo Vázquez Nieto.
260 _aChapingo, Méx. :
_bEl autor,
_c2013.
500 _aPara ver el contenido del material haga clic en la liga
502 _aTesis (LIc. en Administración de Empresas Agropecuarias) -- UACH. División de Ciencias Económico Administrativas
590 _aBATCH-UPD
_b05
_c20140324
_lUCH01
_h1537
590 _aBATCH-UPD
_b05
_c20141002
_lUCH01
_h0858
590 _aE6096MTM
_b05
_c20140324
_lUCH01
_h1052
590 _aE6096MTM
_b05
_c20140324
_lUCH01
_h1056
650 1 4 _aAgricultura
_xInnovaciones tecnológicas.
_91565
650 1 4 _aVainilla.
_9117192
650 1 4 _aVainilla
_xRendimiento.
_9117209
650 1 4 _aVainilla
_zVeracruz.
_9117211
700 1 _aVázquez Nieto, Eduardo
_9126036
856 _aFinding aid
_uhttp://10.13.5.2/tesis/sist108947.pdf
_zTeclea aquí
901 _aBK
942 _cTESIS
942 _n0
999 _c105409
_d105409